Income taxation (Record no. 365665)
[ view plain ]
| 000 -LEADER | |
|---|---|
| fixed length control field | 00577nam a22002057a 4500 |
| 003 - CONTROL NUMBER IDENTIFIER | |
| control field | 0 |
| 005 - DATE AND TIME OF LATEST TRANSACTION | |
| control field | 20231123130915.0 |
| 008 - FIXED-LENGTH DATA ELEMENTS--GENERAL INFORMATION | |
| fixed length control field | 231123b xxu||||| |||| 00| 0 eng d |
| 020 ## - INTERNATIONAL STANDARD BOOK NUMBER | |
| International Standard Book Number | 978-621-96557-7-4 |
| 050 ## - LIBRARY OF CONGRESS CALL NUMBER | |
| Classification number | KPM 2832 |
| Item number | .T33 2023 |
| 100 ## - MAIN ENTRY--PERSONAL NAME | |
| Personal name | Tabag, Enrico D. |
| 245 ## - TITLE STATEMENT | |
| Title | Income taxation |
| Statement of responsibility, etc | Enrico D. Tabag |
| 250 ## - EDITION STATEMENT | |
| Edition statement | 2023 edition |
| 260 ## - PUBLICATION, DISTRIBUTION, ETC. (IMPRINT) | |
| Place of publication, distribution, etc | Quezon City |
| Name of publisher, distributor, etc | EDT Book Shop |
| Date of publication, distribution, etc | c2023. |
| 300 ## - PHYSICAL DESCRIPTION | |
| Extent | xii, 632 pages ; |
| Dimensions | 25 cm. |
| 504 ## - BIBLIOGRAPHY, ETC. NOTE | |
| Bibliography, etc | Includes bibliographical references. |
| 650 ## - SUBJECT ADDED ENTRY--TOPICAL TERM | |
| Topical term or geographic name as entry element | Income tax--Philippines. |
| 650 ## - SUBJECT ADDED ENTRY--TOPICAL TERM | |
| Topical term or geographic name as entry element | Taxation. |
| 942 ## - ADDED ENTRY ELEMENTS (KOHA) | |
| Source of classification or shelving scheme | Library of Congress Classification |
| Koha item type | Books |
| Withdrawn status | Lost status | Source of classification or shelving scheme | Damaged status | Home library | Current library | Shelving location | Date acquired | Source of acquisition | Sub Shelving location | Total Checkouts | Total Renewals | Full call number | Barcode | Date last seen | Date checked out | Price effective from | Koha item type |
|---|---|---|---|---|---|---|---|---|---|---|---|---|---|---|---|---|---|
| Library of Congress Classification | College Library | College Library | Filipiniana Section | 11/23/2023 | Library Fund | 2 | 2 | KPM 2832 .T33 2023 | C23190 | 02/04/2025 | 01/17/2025 | 11/23/2023 | Books | ||||
| Library of Congress Classification | College Library | College Library | Filipiniana Section | 11/23/2023 | Library Fund | 4 | 7 | KPM 2832 .T33 2023 | C23191 | 09/27/2025 | 09/12/2025 | 11/23/2023 | Books |